Design of steel structures / (Record no. 1931)
[ view plain ]
| 000 -LEADER | |
|---|---|
| fixed length control field | 00478cam a2200193ua 4500 |
| 003 - CONTROL NUMBER IDENTIFIER | |
| control field | OSt |
| 008 - FIXED-LENGTH DATA ELEMENTS--GENERAL INFORMATION | |
| fixed length control field | 250619b |||||||| |||| 00| 0 eng d |
| 020 ## - INTERNATIONAL STANDARD BOOK NUMBER | |
| ISBN | 81-85240-34-5 |
| 041 ## - LANGUAGE CODE | |
| Language code of text/sound track or separate title | eng |
| 082 ## - DEWEY DECIMAL CLASSIFICATION NUMBER | |
| Classification number | 624.1821 |
| Item number | ARY/DE |
| 100 ## - MAIN ENTRY--AUTHOR NAME | |
| Personal name | Arya, Anand.S . |
| 245 ## - TITLE STATEMENT | |
| Title | Design of steel structures / |
| 250 ## - EDITION STATEMENT | |
| Edition statement | 4 / |
| 260 ## - PUBLICATION, DISTRIBUTION, ETC. (IMPRINT) | |
| Place of publication | Roorkee : |
| Name of publisher | New Chand and Brose , |
| Year of publication | 1994. |
| 300 ## - PHYSICAL DESCRIPTION | |
| Number of Pages | 947 ; . |
| 500 ## - GENERAL NOTE | |
| General note | 19001-02*CSS |
| 700 1# - ADDED ENTRY--PERSONAL NAME | |
| Personal name | Ajmani, J.L . |
| 942 ## - ADDED ENTRY ELEMENTS (KOHA) | |
| Koha item type | Books |
| Withdrawn status | Lost status | Damaged status | Home library | Current library | Date acquired | Full call number | Accession Number | Koha item type | Shelving location |
|---|---|---|---|---|---|---|---|---|---|
| KAUAET | 07/04/2012 | 624.1821 ARY/DE | 19001 | Books | |||||
| KAUAET | 07/04/2012 | 624.1821 ARY/DE | 19000 | Books | |||||
| Damaged | KAUAET | KAUAET | 07/04/2012 | 624.1821 ARY/DE | 19502 | Books | Staff Office | ||
| KAUAET | KAUAET | 07/04/2012 | 624.1821 ARY/DE | 18804 | Books | ||||
| KAUAET | KAUAET | 07/04/2012 | 624.1821 ARY/DE | 18803 | Books |
